The crisis of the national state /

Bibliographic Details
Main Author: Freidmann, Wolfgang Gaston, 1907-
Format: Book
Language:English
Published: London : Macmillan & co. ltd, 1943.
Subjects:

MARC

Tag First Indicator Second Indicator Subfields
LEADER 00000cam a2200000 4500
001 in00000053674
005 20151008050329.0
008 751107s1943 enk b 00010 eng
010 |a  43022879  
035 |a (OCoLC)01816188 
035 |9 AAG0478AM 
040 |a DLC  |c JPL  |d TXA  |d UtOrBLW 
049 |a TXAM  |c [349993] 
050 0 0 |a JC311  |b .F7 
092 |a 320.15  |b F911c 
100 1 |a Freidmann, Wolfgang Gaston,  |d 1907- 
245 1 4 |a The crisis of the national state /  |c W. Friedmann ... 
264 1 |a London :  |b Macmillan & co. ltd,  |c 1943. 
300 |a  ix, 197 pages, 1 unnumbered page ;  |c 22 cm. 
336 |a text  |b txt  |2 rdacontent 
337 |a unmediated  |b n  |2 rdamedia 
338 |a volume  |b nc  |2 rdacarrier 
504 |a Biblioghraphical foot-notes. 
650 0 |a Nation-state. 
999 |a MARS 
999 f f |s 732dd223-ba33-3047-9f71-f4b222fca544  |i a94400a8-a060-3583-9a45-2b158dd983a7  |t 0 
952 f f |p ric  |a Texas A&M University  |b Rellis Campus  |c Joint Library Facility  |d Remote Storage  |t 0  |e JC311 .F7  |h Library of Congress classification  |i unmediated -- volume  |m A14800658208 
998 f f |a JC311 .F7  |t 0  |l Remote Storage